Multiple Choice Flags of Europe Quiz Stats

 Plays Quiz Updated Oct 7, 2019

Score 0/47 Timer 05:00
60 Plays Today
Question Answer Wrong Answers
United Kingdom United Kingdom
97.2%
Finland
0.2%
Italy Italy
97.1%
Moldova
0.3%
Portugal Portugal
97%
United Kingdom
0.3%
Switzerland Switzerland
96.9%
Albania
0.5%
Ireland Ireland
96.6%
Ukraine
0.9%
Greece Greece
96.3%
San Marino
1.1%
France France
95.8%
Netherlands
1.7%
Malta Malta
95.4%
Norway
2%
Turkey Turkey
95.3%
Cyprus
2.1%
Spain Spain
95.1%
Portugal
2.4%
Sweden Sweden
95%
Denmark
2.5%
Slovakia Slovakia
94.4%
Iceland
3%
Slovenia Slovenia
94.1%
France
3.4%
Romania Romania
94%
Germany
3.4%
Denmark Denmark
93.8%
Luxembourg
3.6%
Cyprus Cyprus
93.7%
Liechtenstein
3.7%
Germany Germany
93.4%
Belgium
4.1%
Belgium Belgium
93.2%
Moldova
4.2%
Netherlands Netherlands
93.2%
Slovenia
4.3%
Russia Russia
93.1%
Turkey
4.3%
Serbia Serbia
92.2%
Hungary
5.2%
Latvia Latvia
91.8%
North Macedonia
5.6%
Poland Poland
91.7%
Denmark
5.7%
Estonia Estonia
91.5%
Finland
5.9%
Czechia Czechia
91.4%
Austria
6.1%
Ukraine Ukraine
89.3%
Moldova
8%
Bulgaria Bulgaria
89.2%
Russia
8.2%
Hungary Hungary
89.1%
Portugal
8.3%
Croatia Croatia
89%
Slovakia
8.4%
Finland Finland
88.9%
Iceland
8.5%
Norway Norway
88.9%
Sweden
8.4%
Montenegro Montenegro
88.7%
Ukraine
8.7%
Vatican City Vatican City
88.6%
Liechtenstein
8.8%
Austria Austria
87.9%
Poland
9.5%
San Marino San Marino
87.5%
Vatican City
9.9%
Andorra Andorra
87.2%
Lithuania
10.2%
Albania Albania
85.4%
Montenegro
12.1%
Bosnia and Herzegovina Bosnia and Herzegovina
84.9%
Kosovo
12.5%
Iceland Iceland
84.5%
Norway
13%
Liechtenstein Liechtenstein
84.1%
Vatican City
13.3%
Belarus Belarus
83.1%
Latvia
14.3%
Moldova Moldova
83%
Estonia
14.5%
Kosovo Kosovo
82.8%
Bosnia and Herzegovina
14.7%
Lithuania Lithuania
82.7%
Croatia
14.7%
North Macedonia North Macedonia
82.1%
Serbia
15.3%
Luxembourg Luxembourg
80.7%
Romania
16.6%
Monaco Monaco
78.8%
Austria
18.6%

You're not logged in!

Compare scores with friends on all Sporcle quizzes.
OR
Log In

Sporcle TV

Today on Sporcle TV


Watch our educational content, quiz creation guides, and fun videos on Sporcle TV.

Show Comments

Extras

Top Quizzes Today


Score Distribution

Your Account Isn't Verified!

In order to create a playlist on Sporcle, you need to verify the email address you used during registration. Go to your Sporcle Settings to finish the process.

Report this User

Report this user for behavior that violates our Community Guidelines.

Details: